| 000 | 01040nam a2200313 b 4500 | ||
|---|---|---|---|
| 001 | 02122303 | ||
| 003 | DO-SdBNP | ||
| 005 | 20180202154133.0 | ||
| 007 | 02122303 | ||
| 008 | 060801s2004 it | ||| ||spa | ||
| 016 | 7 |
_a _2BPMSU |
|
| 020 | _a8888405240 | ||
| 035 | _a(OCoLC) | ||
| 040 |
_aBPMSU _bspa _cBPMSU _e |
||
| 041 | 1 |
_aspa _h |
|
| 080 | 0 | _a | |
| 100 | 1 |
_aLandolfi, Tommaso _d1908-1979 |
|
| 245 | 1 | 0 |
_aReina de cáncer / _h _cTommaso Landolfi ; traducción y notas de Alessandro Baldi y Luis Beltrán Almería ; introducción de Silvio Mignano ; edición de Alessandro Baldi y Luis Beltrán Almería |
| 250 | _a | ||
| 260 |
_aMartorano di Cesena [Italia]: _bArci Solidarietà Cesenate _c2004 |
||
| 300 |
_a96 p. : _c17 cm |
||
| 490 | 1 |
_aUn mar de sueños _v17 |
|
| 700 | 1 |
_aBaldi, Alessandro _etr. |
|
| 700 | 1 |
_aBeltrán Almería, Luis _etr. |
|
| 830 | 3 |
_aUn mar de sueños (Martorano di Cesena) _v17 |
|
| 942 |
_2ddc _cBK |
||
| 945 | _aInventariado, 2018 / BT | ||
| 956 |
_aVMATEO _210 _320160328 _6BPMSU _80069 |
||
| 999 |
_c9378 _d9378 |
||